MARC

Tag First Indicator Second Indicator Subfields
LEADER 00000cam a2200000Ka 4500
001 in00002004014
005 20151031142722.0
008 980801s1968 maua b 000 0 eng d
035 |a (OCoLC)ocm39626763 
040 |a MBW  |c MBW  |d TXA  |d UtOrBLW 
049 |a TXAM 
090 |a GC1  |b .W582 no. 68-25 
100 1 |a Chaffee, Margaret A. 
245 1 0 |a Aircraft meteorological data from the Line Islands Experiment /  |c by Margaret A. Chaffee and Andrew F. Bunker. 
264 1 |a Woods Hole, Mass. :  |b Woods Hole Oceanographic Institution,  |c 1968. 
300 |a 7 pages, 57 figures :  |b illustrations ;  |c 29 cm. 
336 |a text  |b txt  |2 rdacontent 
337 |a unmediated  |b n  |2 rdamedia 
338 |a volume  |b nc  |2 rdacarrier 
490 1 |a Woods Hole Oceanographic Institution ;  |v Reference no. 68-25.  |a Technical report 
500 |a "April 1968." 
504 |a Includes bibliographical references. 
536 |a Submitted to the National Science Foundation  |c GA-821 
610 2 0 |a Line Island Experiment (Scientific Experiment) 
650 0 |a Aeronautics in meteorology. 
650 0 |a Marine meteorology. 
650 0 |a Clouds. 
700 1 |a Bunker, Andrew F.,  |d 1916-1979. 
710 2 |a Woods Hole Oceanographic Institution. 
710 2 |a National Science Foundation (U.S.) 
830 0 |a Woods Hole Oceanographic Institution (Series) ;  |v no. 68-25. 
830 0 |a Technical report (Woods Hole Oceanographic Institution) 
948 |a cataloged  |b h  |c 2004/11/18  |d c  |e mphillip  |f 12:53:33 pm 
994 |a C0  |b TXA 
999 |a MARS 
999 f f |s 6e7ddd61-8656-3436-b6cb-0a0991a428a6  |i dc364dc8-e3ce-3481-af34-7e05ba33f63a  |t 0 
952 f f |p ric  |a Texas A&M University  |b Rellis Campus  |c Joint Library Facility  |d Remote Storage  |t 0  |e GC1 .W582 no.68-25  |h Library of Congress classification  |i unmediated -- volume  |m A14831607044 
998 f f |a GC1 .W582 no.68-25  |t 0  |l Remote Storage